000 00849nam a22002057a 4500
001 768714001
003 CO-MdFUSB
005 20220314165708.0
008 220314b bo ||||| |||| 00| 0 spa d
022 _a1014-9341
040 _aCO-MdFUSB
_bspa
_cCO-MdFUSB
_dCO-MdFUSB
041 _aspa
100 _aWheeler, Michael W.
_eautor
245 3 _aEl significado exegético original del segundo Salmo
_c/ Michael W. Wheeler
520 _aUn análisis exegético del Salmo 2 indica que en su contexto original hablaba de un rey israelita en el día de su coronación, cuando los reyes y pueblos vasallos aprovechaban la transición de poder para intentar liberarse
650 7 _9279
_aEvangelios apócrifos
690 _aEstructuralismo (Análisis literario)
773 _049489
_964051
_gNúm. 54, (enero-junio,2014), pág.10
_q10-35
942 _cANA
999 _c67473
_d67473